| 000 | 00710nam a22002177a 4500 | ||
|---|---|---|---|
| 003 | 0 | ||
| 005 | 20251014130337.0 | ||
| 008 | 251014b xxu||||| |||| 00| 0 eng d | ||
| 020 | _a978-1-98469-444-7 | ||
| 050 |
_aHQ 1075.5.I44 _b.W38 2025 |
||
| 100 |
_aWatson, Brandon, _eauthor. |
||
| 245 |
_aGender identity formation / _cBrandon Watson. |
||
| 260 |
_aNew York, NY : _b3G E-Learning LLC, _c2025. |
||
| 300 |
_axxii, 273 pages : _bcolored illustrations ; _c26 cm. |
||
| 504 | _aIncludes bibliographical references and index. | ||
| 650 | _aGender identity. | ||
| 650 |
_aGender identity _xPsychological aspects. |
||
| 650 |
_aSex role _xDevelopment. |
||
| 650 | _aIdentity (Psychology). | ||
| 942 |
_2lcc _cBK |
||
| 999 |
_c368231 _d368231 |
||